[Event "Rated Blitz game"]
[Site "?"]
[Date "2021.06.10"]
[Round "?"]
[White "GreenRanger87"]
[Black "annaly1979"]
[Result "1-0"]
[WhiteElo "2592"]
[BlackElo "2449"]
[PlyCount "53"]
[EventDate "2021.??.??"]
[EventType "blitz"]

1. e4 e5 2. Nf3 d5 3. exd5 e4 4. Qe2 f5 5. d3 Nf6 6. Nbd2 Be7 7. dxe4 fxe4 8.
Nxe4 Nxe4 9. Qxe4 O-O 10. Bd3 Bf5 11. Qc4 Bxd3 12. Qxd3 Bd6 13. O-O Nd7 14. Re1
Nc5 15. Qe2 Qd7 16. Be3 Rae8 17. c4 a5 18. Qd2 Ne4 19. Qd3 b6 20. Bd4 Qg4 21.
h3 Qg6 22. Nh4 Qh5 23. Rxe4 Rxe4 24. Qxe4 Re8 25. Qg4 Qf7 26. Nf5 Bf8 27. Nh6+
{Normal} 1-0

[Event "Rated Blitz game"]
[Site "?"]
[Date "2021.06.09"]
[Round "?"]
[White "Schunaizel"]
[Black "DarthZannah"]
[Result "0-1"]
[WhiteElo "2546"]
[BlackElo "2546"]
[PlyCount "116"]
[EventDate "2021.??.??"]
[EventType "blitz"]

1. e4 e5 2. Nf3 d5 3. Nxe5 dxe4 4. Bc4 Qg5 5. Nxf7 Qxg2 6. Rf1 Bg4 7. Be2 Bxe2
8. Qxe2 Kxf7 9. Qc4+ Ke8 10. Qb5+ Nd7 11. Nc3 Rb8 12. b3 Ngf6 13. Bb2 Qf3 14.
Ne2 Bd6 15. O-O-O c6 16. Qc4 c5 17. d4 b5 18. Qe6+ Be7 19. dxc5 Qxe2 20. c6 Nc5
21. c7 Ra8 22. c8=Q+ Rxc8 23. Qxc8+ Kf7 24. Qc6 Ne6 25. Rde1 Qf3 26. Qxb5 Rc8
27. Kb1 Qf4 28. Be5 Qd2 29. Re2 Qb4 30. Qxb4 Bxb4 31. Bxf6 Kxf6 32. Rxe4 Bd6
33. c4 Bxh2 34. Rh4 Be5 35. Rxh7 Rd8 36. Rh3 Rd2 37. Re3 Rb2+ 38. Kc1 Rxa2 39.
Rfe1 Bf4 40. Kb1 Ra6 41. Rf3 g5 42. Rd3 Nc5 43. Rf3 Rd6 44. Kc2 Ne6 45. Rd3
Nd4+ 46. Kc3 Be5 47. Rxe5 Kxe5 48. c5 Ne2+ 49. Kd2 Rxd3+ 50. Kxd3 Nf4+ 51. Kc4
Ne6 52. c6 Kd6 53. Kb5 Nd4+ 54. Ka6 Nxc6 55. f3 Kc5 56. Kb7 Na5+ 57. Kxa7 Nxb3
58. Kb7 Kd4 {Normal} 0-1

[Event "Rated Blitz game"]
[Site "?"]
[Date "2021.06.09"]
[Round "?"]
[White "Schunaizel"]
[Black "DarthZannah"]
[Result "1-0"]
[WhiteElo "2542"]
[BlackElo "2578"]
[PlyCount "41"]
[EventDate "2021.??.??"]
[EventType "blitz"]

1. e4 e5 2. Nf3 d5 3. Nxe5 dxe4 4. d4 Nd7 5. Bf4 Ngf6 6. Nc3 Bb4 7. Bc4 O-O 8.
O-O Nb6 9. Bb3 Bf5 10. Ne2 Nbd5 11. Bg3 e3 12. c4 exf2+ 13. Bxf2 Ne7 14. Bh4
Ng4 15. Bxe7 Qxe7 16. Rxf5 Ne3 17. Qd3 Nxf5 18. Qxf5 f6 19. c5+ Kh8 20. Ng6+
hxg6 21. Qh3# {Normal} 1-0

[Event "Rated Blitz game"]
[Site "?"]
[Date "2021.06.09"]
[Round "?"]
[White "Napo18"]
[Black "annaly1979"]
[Result "1-0"]
[WhiteElo "2630"]
[BlackElo "2471"]
[PlyCount "137"]
[EventDate "2021.??.??"]
[EventType "blitz"]

1. e4 e5 2. Nf3 d5 3. d3 dxe4 4. dxe4 Qxd1+ 5. Kxd1 Bg4 6. Be2 Nc6 7. c3 Bc5 8.
Ne1 O-O-O+ 9. Nd2 Nf6 10. f3 Be6 11. Nd3 Bb6 12. Kc2 Na5 13. b3 Nc6 14. b4 a6
15. a3 Kb8 16. Bb2 Rhe8 17. Rad1 Nh5 18. g3 Nf6 19. Nb3 Bc4 20. Ndc1 Be6 21. c4
Be3 22. b5 Bxc1 23. Nxc1 axb5 24. cxb5 Nd4+ 25. Bxd4 exd4 26. Nd3 g5 27. g4 h5
28. h4 hxg4 29. hxg5 gxf3 30. Bxf3 Ng4 31. Bxg4 Bxg4 32. Rde1 Bf3 33. Rh4 Rh8
34. Rxh8 Rxh8 35. Ne5 Rh2+ 36. Kd3 Bh5 37. Kxd4 Ra2 38. Re3 Kc8 39. Rc3 Kd8 40.
Nd3 Rd2 41. Ke3 Re2+ 42. Kf4 Bg6 43. Rc4 b6 44. a4 Ke7 45. Ne5 Kd6 46. Rc6+ Ke7
47. Nxg6+ fxg6 48. Rxc7+ Kf8 49. Rc6 Kf7 50. Rf6+ Kg7 51. Rxb6 Ra2 52. Ra6 Rf2+
53. Ke5 Rg2 54. Ra7+ Kf8 55. Kf6 Rf2+ 56. Kxg6 Re2 57. b6 Rxe4 58. Ra8+ Re8 59.
b7 Ke7 60. Rxe8+ Kxe8 61. b8=Q+ Ke7 62. Qb5 Kd6 63. a5 Kc7 64. a6 Kd6 65. a7
Kc7 66. a8=Q Kd6 67. Qac6+ Ke7 68. Qe5+ Kd8 69. Qee8# {Normal} 1-0

[Event "Rated Blitz tournament UhbYpRI7"]
[Site "?"]
[Date "2021.06.09"]
[Round "?"]
[White "snayperchess"]
[Black "InvisibleKoT"]
[Result "1/2-1/2"]
[WhiteElo "2631"]
[BlackElo "2535"]
[PlyCount "156"]
[EventDate "2021.??.??"]
[EventType "blitz"]

1. e4 e5 2. Nf3 d5 3. exd5 e4 4. Qe2 Nf6 5. d3 Be7 6. dxe4 O-O 7. Be3 c6 8. d6
Bxd6 9. e5 Bxe5 10. Nxe5 Qa5+ 11. Bd2 Qc7 12. Bc3 Re8 13. Nd2 Nbd7 14. f4 Nd5
15. Ndf3 Nxc3 16. bxc3 f6 17. Qc4+ Kh8 18. Qf7 Rf8 19. Qe7 fxe5 20. Nxe5 Qb6
21. Bd3 Qc5 22. Qxc5 Nxc5 23. g3 Be6 24. O-O Rad8 25. a3 a5 26. Rae1 Rde8 27.
Re2 Bh3 28. Rfe1 Nxd3 29. cxd3 Kg8 30. Nc4 Rd8 31. d4 h5 32. Nxa5 Ra8 33. Nxb7
Rxa3 34. Re3 Ra2 35. R3e2 Rfa8 36. Nc5 Bg4 37. Rxa2 Rxa2 38. Nd3 Rd2 39. Nf2
Rc2 40. Nxg4 hxg4 41. Re3 Kf7 42. f5 Kf6 43. Re4 Kxf5 44. Rf4+ Kg5 45. Re4 Rxc3
46. Kf2 Rc2+ 47. Ke3 Rxh2 48. Re5+ Kf6 49. Rc5 Rg2 50. Kf4 Rf2+ 51. Kxg4 Rd2
52. Rxc6+ Kf7 53. Rc4 Ra2 54. Kf3 Ra3+ 55. Kf4 Ra2 56. g4 Rf2+ 57. Kg5 Re2 58.
Rc7+ Kf8 59. d5 Re5+ 60. Kg6 Rxd5 61. Rc8+ Ke7 62. Rc4 Kd7 63. g5 Kd6 64. Rf4
Re5 65. Rf7 Kd5 66. Kxg7 Re6 67. Rf6 Re5 68. g6 Re7+ 69. Rf7 Re8 70. Kf6 Re1
71. g7 Rf1+ 72. Ke7 Rg1 73. Kf8 Re1 74. g8=Q Ra1 75. Kg7 Kd4 76. Qf8 Ra8 77.
Rf5 Kc4 78. Qxa8 Kb4 {Time forfeit} 1/2-1/2

[Event "Rated Blitz tournament UhbYpRI7"]
[Site "?"]
[Date "2021.06.09"]
[Round "?"]
[White "Error_PleaseWait"]
[Black "Gendut_BKD"]
[Result "1-0"]
[WhiteElo "2511"]
[BlackElo "2408"]
[PlyCount "84"]
[EventDate "2021.??.??"]
[EventType "blitz"]

1. e4 e5 2. Nf3 d5 3. d4 dxe4 4. Nxe5 Bd6 5. Nc4 Be7 6. Nc3 Nf6 7. Be2 Bf5 8.
Be3 O-O 9. h3 Nbd7 10. O-O Nb6 11. Ne5 Nbd5 12. Nxd5 Nxd5 13. Bd2 Nf6 14. c3 c6
15. Bf4 Bd6 16. Bh2 Qc7 17. Qc2 Nd7 18. Ng4 Bxh2+ 19. Nxh2 Bg6 20. Qd2 f5 21.
Rfe1 f4 22. Bc4+ Kh8 23. Ng4 Rae8 24. Bb3 h5 25. Nh2 Nf6 26. Bc2 Bh7 27. Rac1
g5 28. Nf1 f3 29. g3 Qd7 30. Kh2 Bf5 31. Qxg5 Bxh3 32. Qh6+ Kg8 33. Qg6+ Kh8
34. Ne3 Be6 35. Rh1 Ng4+ 36. Nxg4 Bxg4 37. Kg1 e3 38. Bd3 exf2+ 39. Kxf2 Qe7
40. Rce1 Qg7 41. Rxe8 Rxe8 42. Qxe8+ Qg8 {Normal} 1-0

[Event "Rated Blitz game"]
[Site "?"]
[Date "2021.06.09"]
[Round "?"]
[White "DesertWolfTempo"]
[Black "ahoramahora"]
[Result "1-0"]
[WhiteElo "2492"]
[BlackElo "2407"]
[PlyCount "21"]
[EventDate "2021.??.??"]
[EventType "blitz"]

1. e4 e5 2. Nf3 d5 3. d4 dxe4 4. Nxe5 Nd7 5. Nc4 Ngf6 6. Be2 Bd6 7. O-O O-O 8.
h3 h6 9. Ne3 Nb6 10. c4 Re8 11. c5 {Normal} 1-0

[Event "Rated Blitz game"]
[Site "?"]
[Date "2021.06.09"]
[Round "?"]
[White "petergo"]
[Black "blastol"]
[Result "1-0"]
[WhiteElo "2455"]
[BlackElo "2423"]
[PlyCount "77"]
[EventDate "2021.??.??"]
[EventType "blitz"]

1. e4 e5 2. Nf3 d5 3. d4 dxe4 4. Nxe5 Bd6 5. Nc4 Nf6 6. Bg5 h6 7. Bxf6 Qxf6 8.
Nc3 O-O 9. Be2 Bf5 10. Nxd6 cxd6 11. O-O d5 12. Nxd5 Qd6 13. Ne3 Bd7 14. c3 Nc6
15. Bb5 f5 16. Nc4 Qf6 17. Bxc6 Bxc6 18. Ne5 Rae8 19. f3 Rxe5 20. dxe5 Qxe5 21.
fxe4 Bxe4 22. Qd4 Qb5 23. b3 Kh8 24. c4 Qc6 25. Rf2 Rf6 26. Rd1 Rg6 27. g3 h5
28. Qd7 Qb6 29. Qd8+ Qxd8 30. Rxd8+ Kh7 31. Kf1 Rg4 32. Rf8 g6 33. c5 Kh6 34.
Rd8 g5 35. Rd6+ Kg7 36. Rd7+ Kf6 37. Rfd2 h4 38. R2d6+ Ke5 39. Re7# {Normal}
1-0

[Event "Rated Blitz game"]
[Site "?"]
[Date "2021.06.09"]
[Round "?"]
[White "kofte"]
[Black "DarthZannah"]
[Result "0-1"]
[WhiteElo "2501"]
[BlackElo "2573"]
[PlyCount "32"]
[EventDate "2021.??.??"]
[EventType "blitz"]

1. e4 e5 2. Nf3 d5 3. exd5 e4 4. Qe2 Nf6 5. Nc3 Be7 6. Nxe4 O-O 7. d3 Qxd5 8.
Qe3 Nc6 9. Be2 Nb4 10. Bd1 Bf5 11. Ng3 Bc5 12. Qg5 Rfe8+ 13. Be3 Bg6 14. O-O
Rxe3 15. fxe3 Qxg5 16. Nxg5 Bxe3+ {Normal} 0-1

[Event "Rated Blitz tournament UhbYpRI7"]
[Site "?"]
[Date "2021.06.09"]
[Round "?"]
[White "Clown_laughing_at_u"]
[Black "dr_xStranger"]
[Result "1-0"]
[WhiteElo "2635"]
[BlackElo "2498"]
[PlyCount "43"]
[EventDate "2021.??.??"]
[EventType "blitz"]

1. e4 e5 2. Nf3 d5 3. exd5 e4 4. Qe2 Nf6 5. Nc3 Bb4 6. Nxe4 O-O 7. Nxf6+ Qxf6
8. Qe4 Bf5 9. Qxb4 Re8+ 10. Be2 Nd7 11. d3 c5 12. dxc6 Qxc6 13. Qc3 Qe6 14. Be3
Nb6 15. O-O Nd5 16. Qd2 Qg6 17. Nh4 Qf6 18. Nxf5 Qxf5 19. Bf3 Nb6 20. d4 Nc4
21. Qd3 Qxd3 22. cxd3 {Normal} 1-0

[Event "Rated Blitz tournament UhbYpRI7"]
[Site "?"]
[Date "2021.06.09"]
[Round "?"]
[White "Saparmyrat"]
[Black "dr_xStranger"]
[Result "1/2-1/2"]
[WhiteElo "2620"]
[BlackElo "2495"]
[PlyCount "161"]
[EventDate "2021.??.??"]
[EventType "blitz"]

1. e4 e5 2. Nf3 d5 3. Nxe5 Bd6 4. d4 dxe4 5. Nc4 Nf6 6. Nc3 O-O 7. Bg5 Nc6 8.
Be2 Re8 9. Qd2 h6 10. Bh4 Be7 11. O-O-O Nd5 12. Bxe7 Ncxe7 13. Nxe4 Nc6 14. Ng3
a6 15. Kb1 Be6 16. Ne3 b5 17. Bf3 Qd7 18. Rhe1 Ncb4 19. a3 Nxe3 20. fxe3 Nd5
21. e4 Nb6 22. h3 Nc4 23. Qc3 c6 24. d5 cxd5 25. exd5 Bf5 26. Nxf5 Qxf5 27. d6
Rad8 28. Rxe8+ Rxe8 29. d7 Rd8 30. Qd4 Qe6 31. Bd5 Qe2 32. Bxc4 bxc4 33. Rd2
Qe1+ 34. Ka2 Kh7 35. c3 Qe6 36. Qd5 Kg6 37. Rd4 Qxd5 38. Rxd5 Kf6 39. Rd4 Ke7
40. Rxc4 Rxd7 41. Rc6 Rd2 42. Rxa6 Rxg2 43. a4 f5 44. a5 f4 45. Ra7+ Kf6 46.
Ra8 Kf7 47. a6 Rg6 48. Kb3 f3 49. Ra7+ Kg8 50. Ra8+ Kf7 51. Ra7+ Ke6 52. Rb7
Ke5 53. a7 Ra6 54. Rf7 Ke4 55. Kc4 Ke3 56. Kb5 Ra1 57. Kb6 f2 58. b4 g5 59. b5
h5 60. Kb7 g4 61. a8=Q Rxa8 62. Kxa8 g3 63. b6 g2 64. b7 f1=Q 65. Rxf1 gxf1=Q
66. b8=Q Qa1+ 67. Qa7+ Qxa7+ 68. Kxa7 Kd3 69. Kb6 Kxc3 70. Kc5 Kd3 71. h4 Ke3
72. Kc4 Kf3 73. Kd3 Kg4 74. Ke2 Kxh4 75. Kf1 Kh3 76. Kg1 Kg3 77. Kh1 Kf2 78.
Kh2 Kf3 79. Kh3 Kf4 80. Kh4 Kf5 81. Kxh5 {Normal} 1/2-1/2

[Event "Rated Blitz game"]
[Site "?"]
[Date "2021.06.09"]
[Round "?"]
[White "RanchoWangdu"]
[Black "Fantastic_power06"]
[Result "0-1"]
[WhiteElo "2498"]
[BlackElo "2594"]
[PlyCount "112"]
[EventDate "2021.??.??"]
[EventType "blitz"]

1. e4 e5 2. Nf3 d5 3. exd5 e4 4. Qe2 Nf6 5. Nc3 Be7 6. Nxe4 O-O 7. d3 Re8 8.
Be3 Nxd5 9. O-O-O f5 10. Ned2 Nc6 11. g3 Bf6 12. Kb1 Qe7 13. Re1 Bxb2 14. Kxb2
Nc3 15. Bc5 Na4+ 16. Kc1 Nxc5 17. Qxe7 Rxe7 18. Rxe7 Nxe7 19. d4 Nd7 20. Bc4+
Kf8 21. Re1 Nf6 22. Ne5 c6 23. f4 b5 24. Bd3 Bb7 25. Ndf3 Rd8 26. c3 g6 27. Kb2
Ned5 28. Ng5 Nc7 29. Bc2 b4 30. cxb4 Rxd4 31. Kc3 Nb5+ 32. Kb3 Rd2 33. Ne6+ Kg8
34. Nc5 Nd4+ 35. Kc3 Rxc2+ 36. Kxd4 Bc8 37. Nxc6 Kf8 38. Kd3 Rxa2 39. Ne6+ Bxe6
40. Rxe6 Ne4 41. Re7 Rxh2 42. Rxa7 Nxg3 43. Ne5 Ne4 44. Rf7+ Ke8 45. Rb7 Rd2+
46. Kc4 Nd6+ 47. Kc5 Nxb7+ 48. Kb6 Nd6 49. b5 Rd5 50. Kc6 Rxe5 51. Kxd6 Rxb5
52. Ke6 Rb4 53. Kf6 Rxf4 54. Kg5 Rg4+ 55. Kh6 Kf7 56. Kxh7 Rh4# {Normal} 0-1

[Event "Rated Blitz game"]
[Site "?"]
[Date "2021.06.09"]
[Round "?"]
[White "MrAruba"]
[Black "annaly1979"]
[Result "1-0"]
[WhiteElo "2574"]
[BlackElo "2506"]
[PlyCount "61"]
[EventDate "2021.??.??"]
[EventType "blitz"]

1. e4 e5 2. Nf3 d5 3. d3 dxe4 4. dxe4 Qxd1+ 5. Kxd1 Bg4 6. Be3 Nc6 7. c3 Nge7
8. Kc2 Ng6 9. Nbd2 f6 10. Bb5 Bd7 11. Nb3 a6 12. Bc4 Bd6 13. Rhd1 Ke7 14. a4
Bg4 15. Nc5 Bxf3 16. gxf3 b6 17. Nxa6 Nh4 18. Be2 Nxf3 19. Nxc7 Bxc7 20. Bxf3
Rhd8 21. Be2 Rxd1 22. Rxd1 Rxa4 23. Bb5 Nb4+ 24. cxb4 Rxb4 25. Rd7+ Ke6 26.
Rxc7 Rxb5 27. Bd2 Rc5+ 28. Rxc5 bxc5 29. Kc3 Kd6 30. Kc4 Kc6 31. Be3 {Normal}
1-0

[Event "Rated Blitz game"]
[Site "?"]
[Date "2021.06.09"]
[Round "?"]
[White "chadi_chess"]
[Black "KinzyabulatovRenat"]
[Result "1-0"]
[WhiteElo "2421"]
[BlackElo "2395"]
[PlyCount "117"]
[EventDate "2021.??.??"]
[EventType "blitz"]

1. e4 e5 2. Nf3 d5 3. exd5 e4 4. Nd4 Qxd5 5. Nb3 Nc6 6. Nc3 Qe5 7. Qe2 Nf6 8.
d3 exd3 9. Qxe5+ Nxe5 10. Nb5 Bd6 11. Nxd6+ cxd6 12. cxd3 Bf5 13. d4 Nd3+ 14.
Bxd3 Bxd3 15. Bf4 Rd8 16. Kd2 Bf5 17. Rhe1+ Be6 18. Bg5 O-O 19. Bxf6 gxf6 20.
Re3 f5 21. f4 Bd5 22. Rc1 Be4 23. g4 Kg7 24. Rg1 Kf6 25. g5+ Kg6 26. Rgg3 Rc8
27. Rc3 Rc6 28. Rh3 h5 29. gxh6 Kh7 30. Na5 Rb6 31. Rb3 Rxb3 32. Rxb3 b6 33.
Nc4 Rd8 34. Ra3 Rd7 35. Ne3 Kxh6 36. d5 Rc7 37. Rc3 Rc5 38. Rxc5 dxc5 39. Kc3
b5 40. b4 c4 41. Kd4 Kg6 42. d6 Kf6 43. Kc5 Ke6 44. Kxb5 c3 45. Kc5 c2 46. Nxc2
Bxc2 47. h4 Bd1 48. Kc6 Ba4+ 49. Kc7 a6 50. h5 Kf6 51. d7 Bxd7 52. Kxd7 Kg7 53.
Ke7 Kh6 54. Kxf7 Kxh5 55. Kf6 Kg4 56. Ke5 Kf3 57. a4 Kg4 58. b5 axb5 59. axb5 {
Time forfeit} 1-0

[Event "Rated Blitz game"]
[Site "?"]
[Date "2021.06.09"]
[Round "?"]
[White "Capitan-FE"]
[Black "KinzyabulatovRenat"]
[Result "0-1"]
[WhiteElo "2425"]
[BlackElo "2392"]
[PlyCount "22"]
[EventDate "2021.??.??"]
[EventType "blitz"]

1. e4 e5 2. Nf3 d5 3. Nxe5 Bd6 4. Nxf7 Kxf7 5. Qh5+ g6 6. Qxd5+ Kg7 7. Bc4 Qe8
8. O-O Nf6 9. Qg5 Nxe4 10. Qh4 g5 11. Qh5 Qxh5 {Normal} 0-1

[Event "Rated Blitz game"]
[Site "?"]
[Date "2021.06.09"]
[Round "?"]
[White "koromarbel"]
[Black "blastol"]
[Result "0-1"]
[WhiteElo "2456"]
[BlackElo "2433"]
[PlyCount "106"]
[EventDate "2021.??.??"]
[EventType "blitz"]

1. e4 e5 2. Nf3 d5 3. exd5 Bd6 4. c4 e4 5. Nd4 Nf6 6. d3 O-O 7. dxe4 Nxe4 8.
Be2 Qh4 9. Be3 Re8 10. Nf3 Bb4+ 11. Kf1 Qf6 12. Qa4 Qe7 13. a3 Bc5 14. Bxc5
Nxc5 15. Qd1 Nb3 16. Ra2 a5 17. Bd3 Nc5 18. Be2 Nb3 19. Nbd2 a4 20. h3 Na6 21.
Nxb3 axb3 22. Ra1 Bf5 23. g3 Bc2 24. Qd2 Nc5 25. Re1 Qf6 26. Nd4 Ne4 27. Qf4
Qxd4 28. Kg2 Qxb2 29. Bf3 Nf6 30. g4 Qc3 31. Rxe8+ Rxe8 32. Qxc7 b2 33. Qxb7
b1=Q 34. Rxb1 Bxb1 35. Qxb1 Qxc4 36. Qf5 Qd4 37. g5 Ne4 38. Bh5 g6 39. Qf4 gxh5
40. g6 Qxf2+ 41. Qxf2 Nxf2 42. gxh7+ Kxh7 43. Kxf2 Rd8 44. Kf3 Rxd5 45. Ke4 Ra5
46. Kf4 Rxa3 47. Kg5 Rxh3 48. Kf6 Rh1 49. Kxf7 Rg1 50. Ke6 h4 51. Kf5 h3 52.
Kf4 h2 53. Ke3 h1=Q {Normal} 0-1

[Event "Rated Blitz game"]
[Site "?"]
[Date "2021.06.09"]
[Round "?"]
[White "Pericuri"]
[Black "pasha1984"]
[Result "1-0"]
[WhiteElo "2414"]
[BlackElo "2390"]
[PlyCount "87"]
[EventDate "2021.??.??"]
[EventType "blitz"]

1. e4 e5 2. Nf3 d5 3. d3 dxe4 4. dxe4 Qxd1+ 5. Kxd1 Nc6 6. c3 Bg4 7. Kc2 O-O-O
8. Bb5 Bxf3 9. Bxc6 Bxg2 10. Rg1 Bf3 11. Bd5 c6 12. Rg3 Bd1+ 13. Kxd1 cxd5 14.
exd5 Rxd5+ 15. Kc2 g6 16. Nd2 f5 17. Nc4 Nf6 18. f3 Bc5 19. b4 Bb6 20. Bh6 Re8
21. Re1 Bf2 22. Rgg1 Bxg1 23. Rxg1 e4 24. fxe4 Rxe4 25. Kb3 Rd3 26. Bg7 Nh5 27.
Bd4 b5 28. Nd6+ Kd7 29. Nxe4 fxe4 30. Rg5 Nf4 31. Rxb5 Ne2 32. Bxa7 Rxc3+ 33.
Kb2 Rh3 34. Bb8 Kc6 35. Rc5+ Kb7 36. Bd6 Rd3 37. Rc7+ Kb6 38. Be5 Rd5 39. Re7
e3 40. a4 Ng1 41. Bc7+ Kc6 42. b5+ Kb7 43. Bf4+ Kb6 44. Bxe3+ {Normal} 1-0

[Event "Rated Blitz game"]
[Site "?"]
[Date "2021.06.09"]
[Round "?"]
[White "Orsanchez"]
[Black "ReinaldoR"]
[Result "1-0"]
[WhiteElo "2518"]
[BlackElo "2475"]
[PlyCount "75"]
[EventDate "2021.??.??"]
[EventType "blitz"]

1. e4 e5 2. Nf3 d5 3. d4 dxe4 4. Nxe5 Nd7 5. Nxd7 Bxd7 6. Bc4 Nf6 7. O-O Bd6 8.
Nd2 O-O 9. h3 Re8 10. Re1 b5 11. Bb3 a5 12. c3 c5 13. Bc2 Bc6 14. Nf1 cxd4 15.
Qxd4 Qc7 16. Bg5 Rad8 17. Bxf6 Bh2+ 18. Nxh2 Rxd4 19. Bxd4 b4 20. Rad1 h6 21.
Ng4 f5 22. Bb3+ Kh7 23. Ne3 g6 24. Nd5 Bxd5 25. Bxd5 g5 26. c4 h5 27. f3 g4 28.
hxg4 hxg4 29. fxe4 f4 30. e5 Kh6 31. Re4 Kg5 32. e6 Qh7 33. Re5+ Kh4 34. Kf2
Qc2+ 35. Ke1 Kg3 36. Rd2 Qb1+ 37. Ke2 Rf8 38. Bf2+ {Normal} 1-0

[Event "Rated Blitz game"]
[Site "?"]
[Date "2021.06.09"]
[Round "?"]
[White "VitorBronson"]
[Black "annaly1979"]
[Result "1-0"]
[WhiteElo "2507"]
[BlackElo "2470"]
[PlyCount "105"]
[EventDate "2021.??.??"]
[EventType "blitz"]

1. e4 e5 2. Nf3 d5 3. Nxe5 Qe7 4. d4 f6 5. Nd3 Nc6 6. Be3 dxe4 7. Nf4 f5 8. d5
Ne5 9. Nc3 Nf6 10. Bb5+ Bd7 11. Bxd7+ Qxd7 12. Ne6 Bb4 13. Qd4 Bxc3+ 14. bxc3
Neg4 15. c4 Qd6 16. h3 Nxe3 17. Qxe3 Qb4+ 18. c3 Qxc4 19. Nxg7+ Kf7 20. Nxf5
Nxd5 21. Qg3 Nxc3 22. Qg7+ Ke6 23. Nd4+ Kd5 24. Qd7+ Ke5 25. f4+ Kf6 26. Qf5+
Ke7 27. Qe5+ Kd7 28. Kf2 Rae8 29. Qg7+ Kc8 30. Rac1 Rhg8 31. Qf6 Qd3 32. g4
Qd2+ 33. Kg3 Qe3+ 34. Kh4 Rgf8 35. Qg7 Qf2+ 36. Kh5 Nd5 37. Ne6 Kb8 38. f5 Nf4+
39. Nxf4 Rc8 40. Ne6 e3 41. Nxf8 e2 42. Nd7+ Ka8 43. Nb6+ axb6 44. Rxc7 Rb8 45.
Rxb7 Rxb7 46. Qf8+ Ka7 47. Qa3+ Kb8 48. Rc1 Qd4 49. Qf8+ Ka7 50. Qa3+ Kb8 51.
Rc8+ Kxc8 52. Qf8+ Kc7 53. Qf7+ {Time forfeit} 1-0

[Event "Rated Rapid game"]
[Site "?"]
[Date "2021.06.09"]
[Round "?"]
[White "Xtrapawn"]
[Black "ABA-001"]
[Result "0-1"]
[WhiteElo "2270"]
[BlackElo "2418"]
[PlyCount "80"]
[EventDate "2021.??.??"]
[EventType "rapid"]

1. e4 e5 2. Nf3 d5 3. Nxe5 Bd6 4. d4 dxe4 5. Nc3 Bxe5 6. dxe5 Qxd1+ 7. Nxd1 Nc6
8. Bf4 Nge7 9. Bb5 Be6 10. Nc3 O-O-O 11. O-O Nd4 12. Ba4 Ng6 13. Bg3 a6 14.
Nxe4 Ne2+ 15. Kh1 Nxg3+ 16. Nxg3 Nxe5 17. Rad1 Bxa2 18. b3 b5 19. Ra1 bxa4 20.
Rxa2 axb3 21. cxb3 Kb7 22. Rfa1 Nd3 23. Kg1 Rd6 24. Ne4 Rb6 25. Rd2 Rxb3 26.
Rxd3 Rxd3 27. Nc5+ Kb6 28. Nxd3 a5 29. Rb1+ Kc6 30. Ne5+ Kd5 31. Nxf7 Ra8 32.
Ng5 a4 33. Kf1 a3 34. Ke2 Kc4 35. Kd2 a2 36. Ra1 Kb3 37. Kc1 Re8 38. Nf3 c5 39.
Nd2+ Kc3 40. Nf3 Re2 {Normal} 0-1

[Event "Rated Blitz game"]
[Site "?"]
[Date "2021.06.09"]
[Round "?"]
[White "Axmedov_Azamat"]
[Black "Fantastic_power06"]
[Result "0-1"]
[WhiteElo "2444"]
[BlackElo "2594"]
[PlyCount "90"]
[EventDate "2021.??.??"]
[EventType "blitz"]

1. e4 e5 2. Nf3 d5 3. Nxe5 Bd6 4. d4 dxe4 5. Bc4 Bxe5 6. dxe5 Qxd1+ 7. Kxd1 Nc6
8. Re1 Bg4+ 9. Kd2 O-O-O+ 10. Kc3 Nxe5 11. Rxe4 Nxc4 12. Rxc4 Be6 13. Rd4 Ne7
14. Bg5 Rxd4 15. Kxd4 f6 16. Be3 Rd8+ 17. Kc3 Nd5+ 18. Kd2 Nxe3+ 19. Kxe3 Rd1
20. Ke2 Rh1 21. h3 Rg1 22. g4 h5 23. f3 h4 24. b3 Rh1 25. c4 Bf7 26. f4 Be8 27.
Kd2 Bc6 28. Ke3 g6 29. b4 f5 30. a4 Be4 31. gxf5 gxf5 32. Kd4 Rxb1 33. Rxb1
Bxb1 34. Ke5 Be4 35. Kf6 Bg2 36. Kxf5 Bxh3+ 37. Kg5 Be6 38. Kxh4 Bxc4 39. Kg5
Kd7 40. Kf6 Kd6 41. Kf5 Bd3+ 42. Kf6 c5 43. bxc5+ Kxc5 44. Ke6 Kb4 45. a5 Kxa5
{Normal} 0-1

[Event "Rated Blitz tournament idMVtBnI"]
[Site "?"]
[Date "2021.06.09"]
[Round "?"]
[White "NOELDelaCruz"]
[Black "Jorny_Too_Pass"]
[Result "1-0"]
[WhiteElo "2419"]
[BlackElo "2205"]
[PlyCount "91"]
[EventDate "2021.??.??"]
[EventType "blitz"]

1. e4 e5 2. Nf3 d5 3. Nxe5 Bd6 4. d4 dxe4 5. Bc4 Bxe5 6. Qh5 Qf6 7. Qxe5+ Qxe5
8. dxe5 Nc6 9. Bf4 Nge7 10. Bb5 O-O 11. Bg3 a6 12. Ba4 b5 13. Bb3 Be6 14. Nc3
Bxb3 15. axb3 Ng6 16. Nxe4 Ngxe5 17. f3 Rfe8 18. O-O Nd4 19. Rf2 f5 20. Nc5 g5
21. Bxe5 Rxe5 22. Nd3 Rd5 23. Rd1 Rad8 24. Kf1 Nxb3 25. Re2 Nd4 26. Re7 c5 27.
Ne5 Nxc2 28. Rxd5 Rxd5 29. Nd7 f4 30. Nf6+ Kf8 31. Nxd5 Ne3+ 32. Rxe3 fxe3 33.
Nxe3 Ke7 34. Ke2 Ke6 35. Kd3 a5 36. g3 Ke5 37. Ng4+ Kd5 38. Nf6+ Ke6 39. Nxh7
Kf5 40. h4 gxh4 41. gxh4 a4 42. Ng5 Ke5 43. h5 Kd5 44. h6 b4 45. h7 c4+ 46. Kc2
{Normal} 1-0

[Event "Rated Rapid game"]
[Site "?"]
[Date "2021.06.09"]
[Round "?"]
[White "SreehariS"]
[Black "ABA-001"]
[Result "0-1"]
[WhiteElo "2200"]
[BlackElo "2493"]
[PlyCount "37"]
[EventDate "2021.??.??"]
[EventType "rapid"]

1. e4 e5 2. Nf3 d5 3. Nxe5 Bd6 4. Nf3 dxe4 5. Nd4 Qf6 6. Nb3 Qg6 7. Nc3 Nf6 8.
d3 Bg4 9. Qd2 O-O 10. Qg5 exd3 11. Bxd3 Re8+ 12. Kf1 Qh5 13. Qxh5 Bxh5 14. Be3
Nc6 15. f3 Rxe3 16. Kf2 Rae8 17. Rae1 Rxe1 18. Rxe1 Rxe1 19. Kxe1 {Normal} 0-1

[Event "Rated Blitz game"]
[Site "?"]
[Date "2021.06.09"]
[Round "?"]
[White "InsaAlfonso"]
[Black "annaly1979"]
[Result "1/2-1/2"]
[WhiteElo "2514"]
[BlackElo "2465"]
[PlyCount "150"]
[EventDate "2021.??.??"]
[EventType "blitz"]

1. e4 e5 2. Nf3 d5 3. d4 dxe4 4. Nxe5 Bd6 5. Bc4 Bxe5 6. dxe5 Qxd1+ 7. Kxd1 Nc6
8. Bf4 Nge7 9. Re1 Bg4+ 10. Kc1 O-O-O 11. Nd2 Ng6 12. Bg5 Rde8 13. Bxf7 Rxe5
14. Be3 Rf8 15. Bxg6 hxg6 16. b3 b6 17. Kb2 a5 18. Nc4 Ree8 19. a4 Be6 20. Na3
Nb4 21. Rad1 Nd5 22. Bd4 Bg8 23. g3 c5 24. Bxg7 Rxf2 25. Nc4 Kb8 26. Be5+ Ka7
27. Rxe4 Ka6 28. Rd2 Ref8 29. Rg4 Rxd2 30. Nxd2 Rf2 31. Ne4 Rxh2 32. Nxc5+ Ka7
33. Rxg6 Rxc2+ 34. Kxc2 Bh7 35. Nd7 Bxg6+ 36. Kb2 Kb7 37. Bd4 Bf5 38. Ne5 Nf6
39. g4 Nxg4 40. Nxg4 Bxg4 41. b4 axb4 42. Kb3 Ka6 43. Kxb4 Bd1 44. Bxb6 Kxb6
45. a5+ Ka6 46. Kc3 Be2 47. Kd2 Bb5 48. Ke3 Bc6 49. Kd4 Bb5 50. Ke5 Bf1 51. Kf6
Bb5 52. Kg5 Kb7 53. Kf4 Ka8 54. Ke5 Ka7 55. Kd4 Ba6 56. Kc5 Bb7 57. Kb4 Bf3 58.
Kc3 Ka6 59. Kd4 Bb7 60. Ke5 Ka7 61. Kf4 Ka8 62. Ke3 Kb8 63. Kd4 Ba6 64. Kc5 Kc7
65. Kb4 Kc6 66. Kc3 Kc5 67. Kd2 Kb4 68. Ke3 Kc5 69. Kf4 Bb7 70. Kg5 Ba8 71. Kh4
Kc6 72. Kg3 Kb7 73. Kf2 Ka6 74. Ke3 Bc6 75. Kd2 Kxa5 {Normal} 1/2-1/2

[Event "Rated Blitz game"]
[Site "?"]
[Date "2021.06.09"]
[Round "?"]
[White "kadirtoren1313"]
[Black "Fantastic_power06"]
[Result "0-1"]
[WhiteElo "2419"]
[BlackElo "2606"]
[PlyCount "72"]
[EventDate "2021.??.??"]
[EventType "blitz"]

1. e4 e5 2. Nf3 d5 3. Nxe5 Bc5 4. d4 Bd6 5. exd5 Nf6 6. Bc4 Nbd7 7. f4 Nb6 8.
Bb3 a5 9. a3 Nbxd5 10. O-O O-O 11. c4 Ne7 12. Nc3 Nf5 13. Bc2 b6 14. Kh1 h5 15.
d5 Ng4 16. Nf3 Re8 17. Qd3 Re1 18. Nxe1 Qh4 19. Qh3 Nf2+ 20. Rxf2 Qxf2 21. Nf3
Qxc2 22. Qxh5 Qf2 23. Bd2 Nh6 24. Re1 Bg4 25. Qg5 Bxf3 26. gxf3 Qxd2 27. Kg1
Qxe1+ 28. Kg2 Qd2+ 29. Kg1 Re8 30. Ne4 Rxe4 31. fxe4 Qd1+ 32. Kg2 Qe2+ 33. Kg1
Qxe4 34. Qd8+ Kh7 35. Qg5 Bxf4 36. Qxf4 Qxf4 {Normal} 0-1

[Event "Rated Blitz game"]
[Site "?"]
[Date "2021.06.09"]
[Round "?"]
[White "wat_is_lav"]
[Black "BoomerAangie"]
[Result "0-1"]
[WhiteElo "2462"]
[BlackElo "2579"]
[PlyCount "46"]
[EventDate "2021.??.??"]
[EventType "blitz"]

1. e4 e5 2. Nf3 d5 3. exd5 e4 4. Qe2 Nf6 5. d3 Qxd5 6. Nbd2 Bf5 7. dxe4 Nxe4 8.
Nxe4 Qxe4 9. Bf4 Qxe2+ 10. Bxe2 c6 11. O-O-O Bc5 12. Nd4 Be4 13. f3 Bd5 14. c4
Be6 15. Nxe6 fxe6 16. Bd3 Nd7 17. a3 O-O 18. Bg3 Be3+ 19. Kc2 Rad8 20. Rhe1 Bf4
21. Bxf4 Rxf4 22. Rxe6 Nc5 23. Bg6 Rxd1 {Normal} 0-1